000 01004nam a22002657a 4500
005 20240530110337.0
008 141021s2010 ua gr 000 0dara d
020 _a9789953823324
040 _aEG-CaGPL
082 0 4 _221
_a952.025
_bم أ
100 0 _aمحمد اعفيف
245 1 _aأصول التحديث فى اليابان 1568 - 1868 /
_cمحمد اعفيف
250 _aط1
260 _aبيروت :
_bمركز دراسات الوحدة العربية ،
_c2010
300 _a574 ص ؛
_c24 سم
490 _aسلسلة اطروحات الدكتوراه
_v87
650 0 4 _aحكم توكو غارا
650 0 4 _aالتعليم
_zاليابان
650 0 4 _aالكتب
_xصناعة وتجارة
_zاليابا
651 0 4 _aاليابان
_xتاريخ
651 0 4 _2اليابان
_xتاريخ
_yالعصر الحديث
651 0 4 _aاليابان
_xالاحوال السياسية
942 _2ddc
_cBK
999 _c59815
_d59815